哲学史讲演录: (Record no. 17611)
[ view plain ]
| 000 -LEADER | |
|---|---|
| fixed length control field | 00779nam a2200241Ia 4500 |
| 008 - FIXED-LENGTH DATA ELEMENTS--GENERAL INFORMATION | |
| fixed length control field | 200824s9999||||xx |||||||||||||| ||und|| |
| 020 ## - INTERNATIONAL STANDARD BOOK NUMBER | |
| International Standard Book Number | 7208113947 |
| 020 ## - INTERNATIONAL STANDARD BOOK NUMBER | |
| International Standard Book Number | 9787208113947 |
| 041 ## - LANGUAGE CODE | |
| Language code of text/sound track or separate title | chi |
| Language code of original | ger |
| 050 ## - LIBRARY OF CONGRESS CALL NUMBER | |
| Classification number | B2936 |
| Item number | .A3123 2013 |
| 100 ## - MAIN ENTRY--PERSONAL NAME | |
| Personal name | Hegel, G. W. |
| 245 #0 - TITLE STATEMENT | |
| Title | 哲学史讲演录: |
| Remainder of title | 第三卷 = Vorlesungen über die Geschichte der Philosophie / |
| Statement of responsibility, etc. | 黑格尔 (G. W. Hegel ) 著; 贺麟, 王太庆译 |
| 246 ## - VARYING FORM OF TITLE | |
| Title proper/short title | 哲學史講演錄: |
| Remainder of title | 第三卷/ |
| 260 ## - PUBLICATION, DISTRIBUTION, ETC. | |
| Place of publication, distribution, etc. | 上海: |
| Name of publisher, distributor, etc. | 上海人民出版社 |
| Date of publication, distribution, etc. | 2013 |
| 300 ## - PHYSICAL DESCRIPTION | |
| Extent | 4 v. |
| Other physical details | ; |
| Dimensions | 23 cm. |
| 500 ## - GENERAL NOTE | |
| General note | Translation of: Vorlesungen über die Geschichte der Philosophie. |
| 650 ## - SUBJECT ADDED ENTRY--TOPICAL TERM | |
| Topical term or geographic name entry element | Philosophy -- History. |
| 700 ## - ADDED ENTRY--PERSONAL NAME | |
| Personal name | 王太庆 |
| 700 ## - ADDED ENTRY--PERSONAL NAME | |
| Personal name | 贺麟 |
| 700 ## - ADDED ENTRY--PERSONAL NAME | |
| Personal name | 黑格尔 |
| 949 ## - LOCAL PROCESSING INFORMATION (OCLC) | |
| v | v.3 |
| Withdrawn status | Lost status | Damaged status | Not for loan | Home library | Current library | Shelving location | Date acquired | Total Checkouts | Full call number | Barcode | Date last seen | Price effective from | Koha item type |
|---|---|---|---|---|---|---|---|---|---|---|---|---|---|
| GETS Theological Seminary Library | GETS Theological Seminary Library | General Stacks | 08/24/2020 | B2936 .A3123 2013 v.3 | 00005857 | 08/24/2020 | 08/24/2020 | Chinese Book |